000 00940nam1a22002651i 4500
001 rc\316233
005 20240726063000.0
010 _a5030002952
035 _a(NLR Aleph) 008745666
090 _a9549952
_c9549952
100 _a20030307d1990 u |0rusy50 ca
101 0 _arus
102 _aRU
105 _ay |||||||||
200 1 _aСовременная ботаника
_eВ 2 т.
_fП. Рейвн, Р. Эверт, С. Айкхорн
_gПер. с англ. В.Н. Гладковой и др.
_gПод ред. А.Л. Лахтаджяна
210 _aМ.
_cМир
_d1990
215 _d30
300 _aПеревод изд.: Biology of plants / Peter H. Raven, Ray F. Ever, Susan E. Eichhorn (Worth publ.)
700 1 _aРейвн
_bП.
_gПитер
701 1 _aЭверт
_bР.
_gРэй
701 1 _aАйкхорн
_bС.
_gСьюзн
801 0 _aRU
_bNLR
_gpsbo
801 1 _aRU
_bELAR
_2rusmarc
852 _aNLR
_j90-8/945
942 _cBOOK